| 000 | 00473nas a2200169 4500 | ||
|---|---|---|---|
| 001 | 000037531 | ||
| 005 | 20200930080422.0 | ||
| 008 | 120423c20089999dr ur1p dd 0 0spa d | ||
| 040 |
_aDO-SdBNP _bspa _cBNPHU |
||
| 043 | _anwdr | ||
| 245 | 0 | 0 | _aFlow magazine. |
| 260 |
_aSanto Domingo : _bEditora Corripio. |
||
| 300 |
_av.- : _bil. ; _c29 cm. |
||
| 310 | _aDesconocido | ||
| 362 | 1 | _aAño 6. no. 6 (abr. 2008) | |
| 500 | _aCatalogación basada en :Año 6. no. 6 (abr. 2008) | ||
| 999 |
_c37021 _d37021 |
||